logo

Bir Sreshtho Munshi Abdur Rouf Library
Jhenaidah Cadet College

বিজ্ঞানের নানা আবিষ্কার / (Record no. 11267)

MARC details
000 -LEADER
fixed length control field 00747nam a2200229 a 4500
001 - CONTROL NUMBER
JCCL Control Number 11267
003 - CONTROL NUMBER IDENTIFIER
JCCL marc code BD-JhCC
005 - DATE AND TIME OF LATEST TRANSACTION
control field 20190915083804.0
008 - FIXED-LENGTH DATA ELEMENTS--GENERAL INFORMATION
fixed length control field 190620s 2008bg a|||| ||a| 000 0 ben d
020 ## - INTERNATIONAL STANDARD BOOK NUMBER
International Standard Book Number 9789848857526
035 ## - SYSTEM CONTROL NUMBER
system control number (BD-JhCC)11267
040 ## - CATALOGING SOURCE
Original cataloging agency BD-JhCC
Modifying agency BD-JhCC
041 ## - LANGUAGE CODE
Language code of Book ben
082 ## - DEWEY DECIMAL CLASSIFICATION NUMBER
Author mark and Year SHI 2008
Classification number 608
100 ## - MAIN ENTRY--PERSONAL NAME
Personal name শীল, ড. রবীন্দ্রনাথ
245 ## - TITLE STATEMENT
Title বিজ্ঞানের নানা আবিষ্কার /
Statement of responsibility, etc ড. রবীন্দ্রনাথ শীল ।
260 ## - PUBLICATION, DISTRIBUTION, ETC. (IMPRINT)
Place of publication, distribution, etc ঢাকা:
Name of publisher, distributor, etc মুক্তাধারা;
Date of publication, distribution, etc ২০০৮.
300 ## - PHYSICAL DESCRIPTION
Pagination ৬৪ পৃ . :
Other physical details ill;
Dimensions ২২ সেমি.
650 ## - SUBJECT ADDED ENTRY--TOPICAL TERM
Topical term or geographic name as entry element Inventions
942 ## - ADDED ENTRY ELEMENTS (KOHA)
Source of classification or shelving scheme Dewey Decimal Classification
Koha item type Books
Holdings
Source of classification or shelving scheme Damaged status Not for loan Home library Current library Shelving location Date of accession Cost, normal purchase price Total Checkouts Full call number Barcode Date last seen Date checked out Copy number Koha item type
Dewey Decimal Classification     JCC Rouf Library JCC Rouf Library General Stacks 06/20/2019 72.00 1 608 SHI 2008 15355 06/06/2024 05/13/2024 C-1 Books

JCC Library | Contacts | JCC Home

Last Update on 23 September 2017
Copyright @ 2017-2020 JCC Rouf Library
Rouf Library, Jhenidah Cadet College (JCC), Bangladesh